[Event "Rilton Cup 51st"]
[Site "Stockholm"]
[Date "2023.12.28"]
[Round "2"]
[White "Logdahl, Harald"]
[Black "Kavutskiy, Konstantin"]
[Result "1/2-1/2"]
[WhiteElo "2187"]
[BlackElo "2384"]
[PlyCount "70"]
[EventDate "2023.12.27"]
[EventType "swiss"]
[EventRounds "9"]
[EventCountry "SWE"]
[SourceTitle "CB02_2024"]
[SourceDate "2024.01.10"]
[SourceVersion "1"]
[SourceVersionDate "2024.01.10"]
[SourceQuality "1"]

1. e4 c5 2. Nc3 e6 3. f4 a6 4. g3 d5 5. d3 Nc6 6. Bg2 Nge7 7. Nf3 g6 8. 0-0 Bg7 9. Bd2 b6 10. Rb1 a5 11. a4 Ba6 12. Nb5 Bxb5 13. axb5 Nd4 14. Nxd4 cxd4 15. f5 gxf5 16. exf5 Nxf5 17. Rxf5 exf5 18. Qh5 0-0 19. Bh3 Qd6 20. Bxf5 h6 21. Bf4 Qf6 22. Rf1 Rfe8 23. Bd7 Re7 24. Bc6 Rc8 25. Bc7 Qg5 26. Qxg5 hxg5 27. Bxb6 a4 28. Rf2 Re1+ 29. Rf1 Re6 30. Bd7 Rxc2 31. Bxe6 fxe6 32. Rf2 Rc1+ 33. Rf1 Rc2 34. Rf2 Rc1+ 35. Rf1 Rc2 1/2-1/2

[Event "Rilton Cup 51st"]
[Site "Stockholm"]
[Date "2023.12.27"]
[Round "1"]
[White "Kavutskiy, Konstantin"]
[Black "Borgaonkar, Akshay"]
[Result "0-1"]
[WhiteElo "2384"]
[BlackElo "2206"]
[PlyCount "116"]
[EventDate "2023.12.27"]
[EventType "swiss"]
[EventRounds "9"]
[EventCountry "SWE"]
[SourceTitle "CB02_2024"]
[SourceDate "2024.01.10"]
[SourceVersion "1"]
[SourceVersionDate "2024.01.10"]
[SourceQuality "1"]

1. d4 d5 2. c4 c6 3. cxd5 cxd5 4. Bg5 h6 5. Bh4 Qb6 6. Qd2 Nc6 7. Nc3 g5 8. Bg3 Nf6 9. e3 Bf5 10. h4 Ne4 11. Nxe4 Bxe4 12. f3 Bf5 13. Ne2 e5 14. Nc3 0-0-0 15. Na4 Qb4 16. Qxb4 Bxb4+ 17. Kf2 exd4 18. exd4 Rhe8 19. hxg5 Bd2 20. Bb5 Be3+ 21. Kf1 Nxd4 22. Be2 Nxe2 23. Kxe2 Bxg5+ 24. Kd1 Be3 25. Be1 Rd6 26. Bd2 d4 27. Rc1+ Kb8 28. b3 Rde6 29. Re1 Bxd2 30. Rxe6 Rxe6 31. Kxd2 Rc6 32. Nc5 h5 33. Nd3 Bxd3 34. Rxc6 bxc6 35. Kxd3 c5 36. b4 cxb4 37. Kxd4 Kc7 38. Kc5 h4 39. Kxb4 Kd6 40. Kc4 Ke5 41. Kd3 Kf4 42. Ke2 Kg3 43. Kf1 a5 44. a4 f6 45. Kg1 f5 46. Kf1 f4 47. Kg1 h3 48. gxh3 Kxh3 49. Kf2 Kh2 50. Ke2 Kg3 51. Ke1 Kxf3 52. Kf1 Ke3 53. Ke1 Kd3 54. Kf2 Kc3 55. Kf3 Kb3 56. Kxf4 Kxa4 57. Ke3 Kb3 58. Kd2 Kb2 0-1

[Event "Sitges Sunway op 10th"]
[Site "Sitges"]
[Date "2023.12.20"]
[Round "8"]
[White "Pourkashiyan, Atousa"]
[Black "Kavutskiy, Konstantin"]
[Result "1/2-1/2"]
[WhiteElo "2259"]
[BlackElo "2384"]
[PlyCount "43"]
[EventDate "2023.12.12"]
[EventType "swiss"]
[EventRounds "10"]
[EventCountry "ESP"]
[SourceTitle "CB52_2023"]
[SourceDate "2023.12.27"]
[SourceVersion "1"]
[SourceVersionDate "2023.12.27"]
[SourceQuality "1"]

1. e4 c5 2. Nf3 Nc6 3. Bb5 Nf6 4. Nc3 Qc7 5. 0-0 Nd4 6. Re1 e5 7. Bc4 Be7 8. Nd5 Nxd5 9. Bxd5 Nxf3+ 10. Qxf3 0-0 11. Qh5 g6 12. Qh6 d6 13. d3 Be6 14. Re3 Bf6 15. Bxe6 fxe6 16. Rg3 Qg7 17. Qh3 Qe7 18. Bh6 Bg7 19. Bg5 Bf6 20. Bh6 Bg7 21. Bg5 Bf6 22. Bh6 1/2-1/2

[Event "US Masters op"]
[Site "Charlotte"]
[Date "2023.11.26"]
[Round "9"]
[White "Woodward, Andy"]
[Black "Kavutskiy, Konstantin"]
[Result "1/2-1/2"]
[WhiteElo "2473"]
[BlackElo "2394"]
[PlyCount "123"]
[EventDate "2023.11.22"]
[EventType "swiss"]
[EventRounds "9"]
[EventCountry "USA"]
[SourceTitle "CB48_2023"]
[SourceDate "2023.11.29"]
[SourceVersion "1"]
[SourceVersionDate "2023.11.29"]
[SourceQuality "1"]

1. d4 Nf6 2. c4 g6 3. Nc3 Bg7 4. e4 d6 5. Be2 0-0 6. Be3 Na6 7. h4 h5 8. Nf3 Ng4 9. Bg5 c6 10. 0-0 Bd7 11. Ne1 Nc7 12. f3 Nf6 13. Be3 e5 14. d5 cxd5 15. cxd5 Nh7 16. g3 b5 17. a3 a5 18. Rc1 Kh8 19. Kh2 Rb8 20. b4 axb4 21. axb4 Bf6 22. Ng2 Rg8 23. Qd2 Qe7 24. Ra1 Ra8 25. Bb6 Rgc8 26. Rxa8 Nxa8 27. Be3 Qe8 28. Ra1 Bd8 29. Ra6 Bc7 30. Qa2 Rb8 31. Bd2 Nb6 32. Ra7 Bd8 33. Qa6 Nc4 34. Bxc4 Rb6 35. Qa5 Rb8 36. Qa6 Rb6 37. Qa3 bxc4 38. Ra8 Kg7 39. Qa5 Qe7 40. Be3 Rb8 41. Rxb8 Bxa5 42. bxa5 Qf6 43. a6 Qxf3 44. a7 Nf6 45. a8Q Ng4+ 46. Kg1 Nxe3 47. Rg8+ Kh7 48. Rh8+ Kg7 49. Qf8+ Kf6 50. Qxd6+ Kg7 51. Qf8+ Kf6 52. Qd6+ Kg7 53. Qxe5+ f6 54. Qe7+ Kxh8 55. Qd8+ Kh7 56. Qxd7+ Kh6 57. Nxe3 Qxe3+ 58. Kg2 Qd2+ 59. Kh3 Qe1 60. Kg2 Qd2+ 61. Kh3 Qe1 62. Kg2 1/2-1/2

[Event "Fort Lauderdale 1000 GM GM 11"]
[Site "Fort Lauderdale"]
[Date "2023.11.05"]
[Round "6"]
[White "Fishbein, Alexander"]
[Black "Kavutskiy, Konstantin"]
[Result "1/2-1/2"]
[WhiteElo "2382"]
[BlackElo "2394"]
[PlyCount "49"]
[EventDate "2023.11.02"]
[EventType "tourn"]
[EventRounds "9"]
[EventCountry "USA"]
[EventCategory "8"]
[SourceTitle "CB46_2023"]
[SourceDate "2023.11.15"]
[SourceVersion "1"]
[SourceVersionDate "2023.11.15"]
[SourceQuality "1"]

1. Nf3 Nf6 2. c4 g6 3. Nc3 Bg7 4. e4 d6 5. d4 0-0 6. Be2 e5 7. 0-0 h6 8. dxe5 dxe5 9. Be3 Nbd7 10. Nd2 Nh7 11. c5 Ng5 12. Bc4 c6 13. Nf3 Nxf3+ 14. Qxf3 Qe7 15. b4 b6 16. b5 cxb5 17. Nd5 Qh4 18. Bxb5 Nxc5 19. Bxc5 bxc5 20. Rac1 Be6 21. Rxc5 Rfd8 22. Nc7 Bg4 23. Qg3 Qxg3 24. hxg3 Bf8 25. Rd5 1/2-1/2

[Event "Fort Lauderdale 1000 GM GM 11"]
[Site "Fort Lauderdale"]
[Date "2023.11.04"]
[Round "5"]
[White "Kavutskiy, Konstantin"]
[Black "Ngo, Bach"]
[Result "1/2-1/2"]
[WhiteElo "2394"]
[BlackElo "2367"]
[PlyCount "41"]
[EventDate "2023.11.02"]
[EventType "tourn"]
[EventRounds "9"]
[EventCountry "USA"]
[EventCategory "8"]
[SourceTitle "CB46_2023"]
[SourceDate "2023.11.15"]
[SourceVersion "1"]
[SourceVersionDate "2023.11.15"]
[SourceQuality "1"]

1. d4 Nf6 2. c4 e6 3. Nf3 d5 4. g3 Bb4+ 5. Bd2 a5 6. Bg2 0-0 7. Qc2 c5 8. cxd5 cxd4 9. a3 Bxd2+ 10. Qxd2 Qxd5 11. Qxd4 Rd8 12. Qxd5 Nxd5 13. Nbd2 Nc6 14. Nc4 b5 15. Nce5 Nxe5 16. Nxe5 Bb7 17. 0-0 Rac8 18. Rac1 Kf8 19. Nd3 Ba8 20. Nc5 Nb6 21. Bxa8 1/2-1/2

[Event "Fort Lauderdale 1000 GM GM 11"]
[Site "Fort Lauderdale"]
[Date "2023.11.04"]
[Round "4"]
[White "Posthuma, Joshua G"]
[Black "Kavutskiy, Konstantin"]
[Result "1-0"]
[WhiteElo "2445"]
[BlackElo "2394"]
[PlyCount "93"]
[EventDate "2023.11.02"]
[EventType "tourn"]
[EventRounds "9"]
[EventCountry "USA"]
[EventCategory "8"]
[SourceTitle "CB46_2023"]
[SourceDate "2023.11.15"]
[SourceVersion "1"]
[SourceVersionDate "2023.11.15"]
[SourceQuality "1"]

1. d4 Nf6 2. c4 g6 3. Nc3 Bg7 4. e4 d6 5. f3 0-0 6. Be3 a6 7. Qd2 c6 8. a4 a5 9. Bd3 e5 10. Nge2 exd4 11. Nxd4 Re8 12. 0-0-0 Na6 13. Rhe1 d5 14. cxd5 cxd5 15. Bxa6 bxa6 16. e5 Nd7 17. Nc6 Qc7 18. Qxd5 Bb7 19. Qxd7 Qxd7 20. Rxd7 Bxc6 21. Rc7 Rac8 22. Bb6 Rxc7 23. Bxc7 Bxa4 24. Bxa5 Bc6 25. Bc7 Re6 26. Re2 g5 27. Kc2 h5 28. Kd3 Kh7 29. Kd4 Kg6 30. Nd5 h4 31. Rf2 Bxd5 32. Kxd5 Kf5 33. Re2 Re7 34. Bd6 Re8 35. b4 h3 36. gxh3 Rh8 37. Kc6 Kf4 38. Re1 Bf8 39. Ra1 Bg7 40. Ra5 Kxf3 41. Rxa6 Ke4 42. b5 Rxh3 43. b6 Rc3+ 44. Kd7 Rb3 45. Ra4+ Kf5 46. Rb4 Rd3 47. Rb5 1-0

[Event "Titled Tuesday intern op 24th Oct Late"]
[Site "Chess.com INT"]
[Date "2023.10.24"]
[Round "1"]
[White "Kavutskiy, Konstantin"]
[Black "Lesbekova, Asel"]
[Result "1-0"]
[WhiteElo "2394"]
[BlackElo "1805"]
[PlyCount "81"]
[EventDate "2023.10.24"]
[EventType "swiss (blitz)"]
[EventRounds "11"]
[EventCountry "USA"]
[SourceTitle "Mega2024 Update 01"]
[Source "Chessbase"]
[SourceDate "2023.11.12"]
[SourceVersion "1"]
[SourceVersionDate "2023.11.12"]
[SourceQuality "1"]

1. Nf3 d5 2. e3 e6 3. c4 a6 4. Nc3 dxc4 5. Bxc4 b5 6. Bb3 Nf6 7. d4 Bb7 8. 0-0 Be7 9. Re1 0-0 10. a3 c5 11. e4 b4 12. axb4 cxb4 13. Na4 Bxe4 14. Ne5 Bd5 15. Bc2 Nc6 16. Bf4 g6 17. Nc5 Nxe5 18. Bxe5 Nd7 19. Nxd7 Qxd7 20. Qd2 Rfc8 21. Bd3 Bf8 22. h4 Qb7 23. Qg5 Bg7 24. h5 Bxe5 25. Rxe5 Re8 26. hxg6 fxg6 27. Rae1 Qf7 28. R5e3 a5 29. Rg3 Ra7 30. Rg4 Qe7 31. Qh6 Qg7 32. Qh4 Qe7 33. Qg3 Qc7 34. Re5 a4 35. Bxg6 hxg6 36. Rxg6+ Kf8 37. Qh4 Qf7 38. Rf6 Ke7 39. Rxf7+ Kxf7 40. Qh7+ Kf6 41. Qxa7 1-0

[Event "Titled Tuesday intern op 24th Oct Late"]
[Site "Chess.com INT"]
[Date "2023.10.24"]
[Round "6"]
[White "Kavutskiy, Konstantin"]
[Black "Pace, Christopher"]
[Result "0-1"]
[WhiteElo "2394"]
[BlackElo "2053"]
[PlyCount "98"]
[EventDate "2023.10.24"]
[EventType "swiss (blitz)"]
[EventRounds "11"]
[EventCountry "USA"]
[SourceTitle "Mega2024 Update 01"]
[Source "Chessbase"]
[SourceDate "2023.11.12"]
[SourceVersion "1"]
[SourceVersionDate "2023.11.12"]
[SourceQuality "1"]

1. Nf3 Nf6 2. c4 g6 3. Nc3 Bg7 4. e4 0-0 5. d4 d6 6. Be2 e5 7. d5 Na6 8. h3 Nc5 9. Qc2 a5 10. Bg5 h6 11. Be3 Nh5 12. Bxc5 dxc5 13. 0-0-0 Nf4 14. Bf1 f5 15. Kb1 a4 16. a3 Bd7 17. g3 fxe4 18. Nh4 Ra6 19. Nxe4 g5 20. Ng2 Nxh3 21. Ne3 g4 22. Rh2 Rb6 23. Ka2 Ng5 24. Bd3 Nf3 25. Rh5 Nd4 26. Qd2 Be8 27. Rh4 h5 28. Rhh1 Bh6 29. Nxc5 Nb3 30. Nxb3 axb3+ 31. Kb1 Rbf6 32. Be4 Rxf2 33. Qd3 Qg5 34. Rhe1 R2f3 35. Bxf3 Rxf3 36. d6 Bg6 37. dxc7 Bxd3+ 38. Rxd3 Rf8 39. Rd8 Rxd8 40. cxd8Q+ Qxd8 41. Nd5 Qg5 42. Rf1 Qg6+ 43. Ka1 Qc2 44. Ne7+ Kh7 45. Rf7+ Kh8 46. Rf1 Bc1 47. Rf8+ Kh7 48. Rf7+ Kh6 49. Rf6+ Kg7 0-1

[Event "Titled Tuesday intern op 24th Oct Late"]
[Site "Chess.com INT"]
[Date "2023.10.24"]
[Round "7"]
[White "Rangel, Daniel"]
[Black "Kavutskiy, Konstantin"]
[Result "0-1"]
[WhiteElo "2185"]
[BlackElo "2394"]
[PlyCount "62"]
[EventDate "2023.10.24"]
[EventType "swiss (blitz)"]
[EventRounds "11"]
[EventCountry "USA"]
[SourceTitle "Mega2024 Update 01"]
[Source "Chessbase"]
[SourceDate "2023.11.12"]
[SourceVersion "1"]
[SourceVersionDate "2023.11.12"]
[SourceQuality "1"]

1. e4 c5 2. Nf3 Nc6 3. d4 cxd4 4. Nxd4 Nf6 5. Nc3 e5 6. Ndb5 d6 7. Bg5 a6 8. Na3 b5 9. Nab1 Be7 10. Bxf6 Bxf6 11. Nd5 0-0 12. a4 b4 13. Bc4 Be6 14. 0-0 Bg5 15. Qd3 a5 16. c3 Rb8 17. b3 bxc3 18. Nbxc3 Nd4 19. Nb5 Nc6 20. g3 Kh8 21. Ndc3 Be7 22. Bxe6 fxe6 23. Qc4 Qd7 24. Rad1 Rbc8 25. Qe2 Nd4 26. Nxd4 Rxc3 27. Nb5 Rxb3 28. Qc2 Rb4 29. Rc1 d5 30. exd5 exd5 31. Rfd1 Rxb5 0-1

[Event "Titled Tuesday intern op 24th Oct Late"]
[Site "Chess.com INT"]
[Date "2023.10.24"]
[Round "10"]
[White "Tologontegin, Semetey"]
[Black "Kavutskiy, Konstantin"]
[Result "1-0"]
[WhiteElo "2368"]
[BlackElo "2394"]
[PlyCount "83"]
[EventDate "2023.10.24"]
[EventType "swiss (blitz)"]
[EventRounds "11"]
[EventCountry "USA"]
[SourceTitle "Mega2024 Update 01"]
[Source "Chessbase"]
[SourceDate "2023.11.12"]
[SourceVersion "1"]
[SourceVersionDate "2023.11.12"]
[SourceQuality "1"]

1. a3 Nf6 2. c4 g6 3. b4 Bg7 4. Bb2 0-0 5. Nf3 d6 6. d4 c5 7. e3 cxd4 8. exd4 e5 9. dxe5 dxe5 10. Qxd8 Rxd8 11. Be2 e4 12. Nfd2 Nc6 13. 0-0 Nd4 14. Bd1 Bf5 15. Re1 h5 16. Nc3 Nc2 17. Bxc2 Rxd2 18. Rac1 Rad8 19. Ne2 Rxc2 20. Rxc2 e3 21. Bxf6 Bxf6 22. Rcc1 exf2+ 23. Kxf2 Rd3 24. a4 Ra3 25. a5 Ra4 26. Rb1 Bxb1 27. Rxb1 Be7 28. c5 Ra2 29. Kf3 Kg7 30. Rd1 g5 31. Rd7 g4+ 32. Kf2 Bh4+ 33. g3 Bf6 34. Rxb7 Bd4+ 35. Ke1 Be3 36. Rd7 Rb2 37. Rd3 Rb1+ 38. Rd1 Rxb4 39. c6 Rc4 40. Rd3 Rc1+ 41. Nxc1 Bxc1 42. c7 1-0

[Event "I'M Not A GM Gp-D"]
[Site "Chess.com INT"]
[Date "2023.10.13"]
[Round "2.3"]
[White "Kulkarni, Rakesh"]
[Black "Kavutskiy, Konstantin"]
[Result "0-1"]
[WhiteElo "2321"]
[BlackElo "2394"]
[PlyCount "94"]
[EventDate "2023.10.13"]
[EventType "tourn (blitz)"]
[EventRounds "3"]
[EventCountry "USA"]
[EventCategory "5"]
[SourceTitle "Mega2024 Update 01"]
[Source "Chessbase"]
[SourceDate "2023.11.12"]
[SourceVersion "1"]
[SourceVersionDate "2023.11.12"]
[SourceQuality "1"]

1. e4 c5 2. c3 Nf6 3. e5 Nd5 4. d4 cxd4 5. Nf3 e6 6. cxd4 d6 7. Bc4 Be7 8. 0-0 0-0 9. Qe2 a6 10. Bd2 b5 11. Bb3 dxe5 12. dxe5 Bb7 13. Nc3 Nxc3 14. Bxc3 b4 15. Rfd1 Qa5 16. Be1 Rd8 17. a3 Nc6 18. axb4 Qb6 19. Rxd8+ Rxd8 20. Rd1 Bxb4 21. Rxd8+ Qxd8 22. h3 Bxe1 23. Qxe1 Qb6 24. Qc3 h6 25. Bc2 Ne7 26. Nd4 Nd5 27. Qd2 Qc7 28. f4 Qc5 29. Kh2 Nb4 30. Bd1 a5 31. Bf3 Bxf3 32. Nxf3 Nd5 33. Kg3 Qc4 34. Qd4 Qe2 35. Qd2 Qe4 36. Qd4 Qg6+ 37. Kh2 Qc2 38. Kg3 Qc1 39. Qd2 Qf1 40. f5 Qc4 41. f6 a4 42. fxg7 Kxg7 43. Qd4 Qxd4 44. Nxd4 Ne3 45. Nb5 Nc4 46. Nc3 Nxb2 47. Nxa4 Nxa4 0-1

[Event "Titled Tuesday intern op 19th Sep Late"]
[Site "Chess.com INT"]
[Date "2023.09.19"]
[Round "5"]
[White "Gutierrez Olivares, Daniel"]
[Black "Kavutskiy, Konstantin"]
[Result "0-1"]
[WhiteElo "2354"]
[BlackElo "2394"]
[PlyCount "74"]
[EventDate "2023.09.19"]
[EventType "swiss (blitz)"]
[EventRounds "11"]
[EventCountry "USA"]
[SourceTitle "EXT 2024"]
[Source "ChessBase"]
[SourceDate "2023.10.10"]
[SourceVersion "1"]
[SourceVersionDate "2023.10.10"]
[SourceQuality "1"]

1. Nf3 Nf6 2. g3 g6 3. Bg2 Bg7 4. 0-0 0-0 5. c4 d6 6. d3 e5 7. Bg5 h6 8. Bxf6 Bxf6 9. Nc3 Bg7 10. Rb1 f5 11. Nd2 a5 12. a3 c6 13. b4 axb4 14. axb4 Be6 15. Nb3 Nd7 16. Na5 Qc7 17. e3 h5 18. d4 e4 19. Qb3 Bf7 20. b5 Rxa5 21. bxc6 bxc6 22. Qb4 Rb8 23. Nb5 cxb5 24. cxb5 Raxb5 25. Qxb5 Rxb5 26. Rxb5 Bc4 27. Rc1 d5 28. Rxd5 Nb6 29. Rc5 Qf7 30. Rb1 Nd7 31. Rc7 Bd5 32. Rb5 Qe6 33. Bf1 Kh7 34. Ra5 Qd6 35. Raa7 Bc6 36. Bc4 Bf6 37. Bf7 Bd8 0-1

[Event "Titled Tuesday intern op 19th Sep Early"]
[Site "Chess.com INT"]
[Date "2023.09.19"]
[Round "6"]
[White "Kavutskiy, Konstantin"]
[Black "Firouzja, Alireza"]
[Result "0-1"]
[WhiteElo "2394"]
[BlackElo "2777"]
[PlyCount "70"]
[EventDate "2023.09.19"]
[EventType "swiss (blitz)"]
[EventRounds "11"]
[EventCountry "USA"]
[SourceTitle "EXT 2024"]
[Source "ChessBase"]
[SourceDate "2023.10.10"]
[SourceVersion "1"]
[SourceVersionDate "2023.10.10"]
[SourceQuality "1"]

1. d4 Nf6 2. c4 g6 3. Nc3 Bg7 4. e4 d6 5. h3 0-0 6. Be3 e5 7. d5 Na6 8. g4 Nc5 9. f3 c6 10. Qd2 cxd5 11. cxd5 Bd7 12. b4 Na4 13. Nxa4 Bxa4 14. Bd3 Nxd5 15. exd5 e4 16. fxe4 Bxa1 17. Nf3 Rc8 18. 0-0 Bc3 19. Qf2 Bxb4 20. Kg2 Bc5 21. Bxc5 Rxc5 22. Qd4 Bc2 23. Bxc2 Rxc2+ 24. Kg3 Qb6 25. Qf6 Qe3 26. Kh4 Rf2 27. Rxf2 Qxf2+ 28. Kg5 Qe3+ 29. Kh4 Qxe4 30. a4 Qxd5 31. a5 Qxa5 32. Kg3 Qd8 33. Qf4 d5 34. h4 Qb8 35. Ne5 f6 0-1

[Event "Titled Tuesday intern op 19th Sep Late"]
[Site "Chess.com INT"]
[Date "2023.09.19"]
[Round "2"]
[White "Kavutskiy, Konstantin"]
[Black "Korol, Dimitry"]
[Result "1-0"]
[WhiteElo "2394"]
[BlackElo "2287"]
[PlyCount "57"]
[EventDate "2023.09.19"]
[EventType "swiss (blitz)"]
[EventRounds "11"]
[EventCountry "USA"]
[SourceTitle "EXT 2024"]
[Source "ChessBase"]
[SourceDate "2023.10.10"]
[SourceVersion "1"]
[SourceVersionDate "2023.10.10"]
[SourceQuality "1"]

1. d4 Nf6 2. c4 c5 3. d5 b5 4. Qc2 bxc4 5. e4 d6 6. Bxc4 g6 7. Nf3 Bg7 8. Nc3 0-0 9. 0-0 Nbd7 10. Re1 Nb6 11. Bf1 e6 12. Bg5 exd5 13. exd5 h6 14. Bh4 g5 15. Nxg5 hxg5 16. Bxg5 Qd7 17. Qd2 Qg4 18. Rad1 Nc4 19. Bxc4 Qxc4 20. Bxf6 Bxf6 21. Re4 Qa6 22. Qh6 Bg7 23. Qg5 Rb8 24. f4 Rb4 25. f5 f6 26. Qg4 Rxb2 27. Re7 Rf7 28. Rde1 Bd7 29. Qg6 1-0

[Event "Titled Tuesday intern op 19th Sep Early"]
[Site "Chess.com INT"]
[Date "2023.09.19"]
[Round "4"]
[White "Kavutskiy, Konstantin"]
[Black "Majer, Damir"]
[Result "1-0"]
[WhiteElo "2394"]
[BlackElo "2246"]
[PlyCount "85"]
[EventDate "2023.09.19"]
[EventType "swiss (blitz)"]
[EventRounds "11"]
[EventCountry "USA"]
[SourceTitle "EXT 2024"]
[Source "ChessBase"]
[SourceDate "2023.10.10"]
[SourceVersion "1"]
[SourceVersionDate "2023.10.10"]
[SourceQuality "1"]

1. Nf3 e6 2. c4 f5 3. g3 Nf6 4. Bg2 c6 5. 0-0 d5 6. Qc2 Bd6 7. b3 0-0 8. Ba3 b6 9. d4 Bb7 10. Bxd6 Qxd6 11. Nc3 Nbd7 12. Rfd1 Ne4 13. Rac1 Rac8 14. e3 c5 15. dxc5 Ndxc5 16. cxd5 exd5 17. Qb2 Nxc3 18. Rxc3 Ne4 19. Rxc8 Rxc8 20. Nd4 Qf6 21. Qa3 a5 22. Rc1 Rc5 23. Bxe4 Rxc1+ 24. Qxc1 dxe4 25. Qc7 Ba6 26. Qb8+ Qf8 27. Qxb6 Qc8 28. Kg2 g6 29. Qxa5 Bd3 30. Qd5+ Kg7 31. Qe5+ Kf7 32. Qd5+ Kg7 33. Qc6 Qb8 34. Qd7+ Kf6 35. h4 Qb4 36. Qc6+ Kg7 37. Qc7+ Kf6 38. Qc1 Qa5 39. a4 Qb4 40. h5 gxh5 41. Qc6+ Kg5 42. Ne6+ Kg4 43. Qe8 1-0

[Event "Titled Tuesday intern op 19th Sep Early"]
[Site "Chess.com INT"]
[Date "2023.09.19"]
[Round "2"]
[White "Kavutskiy, Konstantin"]
[Black "Vidit, Santosh Gujrathi"]
[Result "0-1"]
[WhiteElo "2394"]
[BlackElo "2716"]
[PlyCount "68"]
[EventDate "2023.09.19"]
[EventType "swiss (blitz)"]
[EventRounds "11"]
[EventCountry "USA"]
[SourceTitle "EXT 2024"]
[Source "ChessBase"]
[SourceDate "2023.10.10"]
[SourceVersion "1"]
[SourceVersionDate "2023.10.10"]
[SourceQuality "1"]

1. d4 Nf6 2. c4 e6 3. Nf3 Bb4+ 4. Nbd2 Be7 5. e4 d5 6. e5 Nfd7 7. Qc2 c5 8. cxd5 exd5 9. Be2 cxd4 10. 0-0 Nc6 11. Nb3 Ndxe5 12. Nxe5 Nxe5 13. Bb5+ Bd7 14. Bxd7+ Qxd7 15. Re1 Rc8 16. Qe2 Nc6 17. Nc5 Qf5 18. Nxb7 0-0 19. Qa6 Nb4 20. Qxa7 Nc2 21. Rxe7 Nxa1 22. Bd2 Qb1+ 23. Re1 Qxb2 24. Bf4 Ra8 25. Qc5 Qxb7 26. Rxa1 Rxa2 27. Rd1 Ra4 28. Re1 h6 29. h3 Rc4 30. Qd6 d3 31. Bxh6 Rc6 32. Qxd5 gxh6 33. Qxd3 Rg6 34. g3 Qc6 0-1

[Event "Titled Tuesday intern op 19th Sep Early"]
[Site "Chess.com INT"]
[Date "2023.09.19"]
[Round "1"]
[White "Ovezdurdiyeva, Jemal"]
[Black "Kavutskiy, Konstantin"]
[Result "0-1"]
[WhiteElo "2057"]
[BlackElo "2394"]
[PlyCount "160"]
[EventDate "2023.09.19"]
[EventType "swiss (blitz)"]
[EventRounds "11"]
[EventCountry "USA"]
[SourceTitle "EXT 2024"]
[Source "ChessBase"]
[SourceDate "2023.10.10"]
[SourceVersion "1"]
[SourceVersionDate "2023.10.10"]
[SourceQuality "1"]

1. e4 c5 2. Nf3 Nc6 3. c3 d5 4. e5 a6 5. d4 Bf5 6. Nbd2 e6 7. Be2 h6 8. 0-0 Qb6 9. Nb3 c4 10. Nbd2 Nge7 11. b3 cxb3 12. axb3 Bh7 13. Ba3 Ng6 14. Bxf8 Nxf8 15. Qc1 Ng6 16. Qa3 Nf4 17. Rfe1 Ne7 18. Bf1 Qc7 19. c4 0-0 20. Rac1 Qd7 21. g3 Nd3 22. Bxd3 Bxd3 23. Re3 Bh7 24. Rec3 Nc6 25. c5 f6 26. exf6 Rxf6 27. Re3 Raf8 28. Rce1 Kh8 29. b4 Be4 30. Nxe4 dxe4 31. Nh4 Qxd4 32. Qc3 Qxc3 33. Rxc3 Nxb4 34. Rxe4 Nd5 35. Rc2 Kh7 36. Ng2 Rf3 37. Ne1 R3f6 38. f4 Rc8 39. Nd3 Nc7 40. Rce2 Rd8 41. Nb4 Kg8 42. R2e3 Rf5 43. Kg2 Rxc5 44. Kf3 Rb5 45. Nd3 Rb3 46. Nc5 Rxe3+ 47. Rxe3 b6 48. Nxe6 Nxe6 49. Rxe6 Rb8 50. Ke4 a5 51. Kd3 b5 52. Ra6 a4 53. Kc2 Kf7 54. Kb2 Rb7 55. Ra5 Ke6 56. Ka3 Kd5 57. Ra8 Ke4 58. Rf8 Kf3 59. f5 Kg4 60. f6 gxf6 61. Rxf6 h5 62. Rg6+ Kh3 63. Rg5 Kxh2 64. Rxh5+ Kxg3 65. Kb4 Kf4 66. Rh4+ Ke5 67. Rh5+ Kd6 68. Rh6+ Kc7 69. Rh7+ Kb8 70. Rh8+ Ka7 71. Rh6 Rb6 72. Rh7+ Ka6 73. Rh8 Rg6 74. Ra8+ Kb7 75. Ra5 Rg5 76. Ka3 Kb6 77. Ra8 Rg3+ 78. Kb4 Rg4+ 79. Ka3 Rg3+ 80. Kb4 Rb3# 0-1

[Event "Titled Tuesday intern op 19th Sep Early"]
[Site "Chess.com INT"]
[Date "2023.09.19"]
[Round "8"]
[White "Seo, Jung Min"]
[Black "Kavutskiy, Konstantin"]
[Result "1-0"]
[WhiteElo "2462"]
[BlackElo "2394"]
[PlyCount "67"]
[EventDate "2023.09.19"]
[EventType "swiss (blitz)"]
[EventRounds "11"]
[EventCountry "USA"]
[SourceTitle "EXT 2024"]
[Source "ChessBase"]
[SourceDate "2023.10.10"]
[SourceVersion "1"]
[SourceVersionDate "2023.10.10"]
[SourceQuality "1"]

1. d4 Nf6 2. c4 g6 3. Nc3 Bg7 4. e4 d6 5. h3 0-0 6. Be3 e5 7. d5 Na6 8. g4 Nc5 9. f3 a5 10. Nge2 c6 11. Qd2 a4 12. Ng3 cxd5 13. cxd5 h5 14. gxh5 Nxh5 15. Nxh5 Qh4+ 16. Qf2 Qxh5 17. Bxc5 dxc5 18. 0-0-0 a3 19. b3 Bd7 20. Kb1 c4 21. Bxc4 Rfc8 22. d6 Qg5 23. Nd5 Rxc4 24. bxc4 Qd8 25. Qc5 Kh7 26. h4 Be6 27. h5 g5 28. h6 Bf8 29. Nc7 Qf6 30. Nxa8 Qxf3 31. Qxe5 Bxc4 32. Qf5+ Qxf5 33. exf5 Be2 34. d7 1-0

[Event "Titled Tuesday intern op 12th Sep Early"]
[Site "Chess.com INT"]
[Date "2023.09.12"]
[Round "9"]
[White "Kavutskiy, Konstantin"]
[Black "Hambleton, Aman"]
[Result "1-0"]
[WhiteElo "2394"]
[BlackElo "2420"]
[PlyCount "51"]
[EventDate "2023.09.12"]
[EventType "swiss (blitz)"]
[EventRounds "11"]
[EventCountry "USA"]
[SourceTitle "EXT 2024"]
[Source "ChessBase"]
[SourceDate "2023.10.10"]
[SourceVersion "1"]
[SourceVersionDate "2023.10.10"]
[SourceQuality "1"]

1. Nf3 b6 2. g3 Bb7 3. Bg2 c5 4. 0-0 Nf6 5. c4 e6 6. b3 Be7 7. Bb2 d6 8. Nc3 a6 9. d3 0-0 10. e4 Nc6 11. Ne1 Nd4 12. f4 Rb8 13. Nf3 b5 14. Nxd4 cxd4 15. Ne2 bxc4 16. Nxd4 cxd3 17. Qxd3 Qb6 18. Kh1 d5 19. e5 Ne4 20. f5 a5 21. Qe3 Bg5 22. Qe1 Ba6 23. Rf4 Bxf4 24. gxf4 a4 25. Qh4 axb3 26. axb3 1-0

[Event "Titled Tuesday intern op 12th Sep Late"]
[Site "Chess.com INT"]
[Date "2023.09.12"]
[Round "8"]
[White "Kavutskiy, Konstantin"]
[Black "Lysyj, Igor"]
[Result "1-0"]
[WhiteElo "2394"]
[BlackElo "2589"]
[PlyCount "53"]
[EventDate "2023.09.12"]
[EventType "swiss (blitz)"]
[EventRounds "11"]
[EventCountry "USA"]
[SourceTitle "EXT 2024"]
[Source "ChessBase"]
[SourceDate "2023.10.10"]
[SourceVersion "1"]
[SourceVersionDate "2023.10.10"]
[SourceQuality "1"]

1. d4 d5 2. c4 e6 3. Nf3 Nf6 4. Nc3 dxc4 5. e4 Bb4 6. Bxc4 Nxe4 7. 0-0 Nf6 8. Qa4+ Nc6 9. Bg5 0-0 10. Rad1 Be7 11. Qc2 Nd5 12. Bxe7 Ncxe7 13. Rfe1 b6 14. Ne5 Bb7 15. a3 Rc8 16. g3 Ng6 17. Nxg6 hxg6 18. Re5 Nxc3 19. bxc3 Qd6 20. Qe2 Rcd8 21. h4 Qc6 22. d5 exd5 23. Bxd5 Qa4 24. Rd4 Qa6 25. Bxf7+ Kxf7 26. Re7+ Kg8 27. Qe5 1-0